MARC details
| 000 -LEADER |
| campo de control de longitud fija |
01616nam a2200361 i 4500 |
| 001 - NÚMERO DE CONTROL |
| campo de control |
164162 |
| 003 - IDENTIFICADOR DE NÚMERO DE CONTROL |
| campo de control |
ES-MaACL |
| 005 - FECHA Y HORA DE LA ÚLTIMA TRANSACCIÓN |
| campo de control |
20250726064521.0 |
| 008 - DATOS DE LONGITUD FIJA--INFORMACIÓN GENERAL |
| campo de control de longitud fija |
050726s1876 gw |||| | spa d |
| 040 ## - FUENTE DE CATALOGACIÓN |
| Centro catalogador/agencia de origen |
CAM |
| Lengua de catalogación |
spa |
| Centro/agencia transcriptor |
CAM |
| 080 ## - NÚMERO DE LA CLASIFICACIÓN DECIMAL UNIVERSAL |
| Número de la Clasificación Decimal Universal |
811.855.21 |
| 100 1# - ENTRADA PRINCIPAL--NOMBRE DE PERSONA |
| Nombre de persona |
Ruiz de Montoya, Antonio. |
| 9 (RLIN) |
132182 |
| 245 10 - MENCIÓN DEL TÍTULO |
| Título |
Arte, bocabulario [sic], tesoro y catecismo de la lengua guaraní / |
| Mención de responsabilidad, etc. |
por Antonio Ruiz de Montoya. |
| 246 33 - FORMA VARIANTE DEL TITULO |
| Título propio/Titulo breve |
Arte, vocabulario, tesoro y catecismo de la lengua guaraní |
| 250 ## - MENCION DE EDICION |
| Mención de edición |
Publ. nuevamente sin alteración alguna por Julio Platzmann. |
| 260 ## - PUBLICACIÓN, DISTRIBUCIÓN, ETC. |
| Lugar de publicación, distribución, etc. |
Leipzig : |
| Nombre del editor, distribuidor, etc. |
B.G. Teubner, |
| Fecha de publicación, distribución, etc. |
1876 ( |
| Fabricante |
Imp. W. Drugulin) |
| 300 ## - DESCRIPCIÓN FÍSICA |
| Extensión |
4 v. ; |
| Dimensiones |
21 cm. |
| 505 8# - NOTA DE CONTENIDO CON FORMATO |
| Nota de contenido con formato |
Contiene: I ; |
| Título |
Arte de la lengua guaraní (CXX, [12], 100, [2] p.) - II ; |
| -- |
Vocabulario... (3 h., p. 101-234) . III ; |
| -- |
Tesoro... ([10], 407 p., [1] h.) - IV ; |
| -- |
Catecismo... ([10], 336 p., [1] h.) |
| 534 ## - NOTA SOBRE LA VERSIÓN ORIGINAL |
| Frase introductoria |
T. I-II, reprod. facs. de la ed. de: |
| Publicación, distribución, etc. del original |
Madrid: por Juan Sánchez, 1640. |
| 534 ## - NOTA SOBRE LA VERSIÓN ORIGINAL |
| Frase introductoria |
T. III, reprod. facs. de la ed. de: |
| Publicación, distribución, etc. del original |
Madrid: por Juan Sánchez, 1639. |
| 534 ## - NOTA SOBRE LA VERSIÓN ORIGINAL |
| Frase introductoria |
T. IV, reprod. facs. de la ed. de Madrid: |
| Publicación, distribución, etc. del original |
por Diego Díaz de la Carrera, 1640. |
| 650 #7 - PUNTO DE ACCESO ADICIONAL DE MATERIA--TÉRMINO DE MATERIA |
| Término de materia o nombre geográfico como elemento de entrada |
Lengua guaraní |
| Fuente del encabezamiento o término |
embne |
| 9 (RLIN) |
162833 |
| 650 #4 - PUNTO DE ACCESO ADICIONAL DE MATERIA--TÉRMINO DE MATERIA |
| Término de materia o nombre geográfico como elemento de entrada |
Lengua española- |
| Subdivisión de forma |
Diccionarios- |
| Subdivisión general |
Guaraní. |
| 9 (RLIN) |
162834 |
| 650 #7 - PUNTO DE ACCESO ADICIONAL DE MATERIA--TÉRMINO DE MATERIA |
| Término de materia o nombre geográfico como elemento de entrada |
Guaraníes (Indios) |
| Fuente del encabezamiento o término |
embne |
| 9 (RLIN) |
162832 |
| 655 #7 - TERMINO DE INDIZACIÓN--GENERO/FORMA |
| Fuente del término |
tgfbne |
| 9 (RLIN) |
226495 |
| Datos o término principal de género/forma |
Facsímiles |
| 700 1# - ENTRADA AGREGADA--NOMBRE PERSONAL |
| Nombre de persona |
Platzmann, Julius. |
| 9 (RLIN) |
131215 |
| 700 1# - ENTRADA AGREGADA--NOMBRE PERSONAL |
| Nombre de persona |
Teubner, B.G. |
| 9 (RLIN) |
133197 |
| 700 1# - ENTRADA AGREGADA--NOMBRE PERSONAL |
| Nombre de persona |
Drugulin, W. |
| 9 (RLIN) |
126845 |
| 752 ## - ENTRADA AGREGADA--NOMBRE JERÁRQUICO DEL LUGAR |
| País o entidad superior |
Alemania - |
| Ciudad |
Leipzig |
| 852 ## - LOCALIZACIÓN |
| Ubicación |
ES-MaACL |
| Número de control de estantería |
G-442-45 |
| Nota libre |
- rúst. |
| 942 ## - ELEMENTOS DE ENTRADA SECUNDARIOS (KOHA) |
| Fuente del sistema de clasificación o colocación |
Clasificación decimal universal |